LEADER 00840nam0-22003011i-450- 001 990002066300403321 005 20021010 035 $a000206630 035 $aFED01000206630 035 $a(Aleph)000206630FED01 035 $a000206630 100 $a20021010d--------km-y0itay50------ba 101 0 $aita 200 1 $a<>platypus$eit's discovery, zoological position, form and characteristics, habits, life history, etc.$fHarry Burrell 210 $aSydney$cAngus & Robertson$d1927 215 $a227 p.$d23 cm 610 0 $aMammiferi 610 0 $aMonotremata 676 $a599.1 700 1$aBurrell,$bHarry$088284 801 0$aIT$bUNINA$gRICA$2UNIMARC 901 $aBK 912 $a990002066300403321 952 $a61 XIV B.1/15$b917$fDAGEN 959 $aDAGEN 996 $aPlatypus$9393561 997 $aUNINA DB $aING01 LEADER 00933nam a22002411i 4500 001 991002470369707536 005 20030623204336.0 008 030925s1971 it |||||||||||||||||ita 035 $ab12293441-39ule_inst 035 $aARCHE-034101$9ExL 040 $aBiblioteca Interfacoltà$bita$cA.t.i. Arché s.c.r.l. Pandora Sicilia s.r.l. 082 04$a341.2422 100 1 $aScelba, Mario$0253615 245 13$aIl Parlamento europeo nel 1970 :$bdiscorso pronunciato nella seduta del 19 gennaio 1971 /$cMario Scelba 260 $a[S.l.] :$b[s.n.],$c[1971?] 300 $a12 p. ;$c24 cm 650 4$aParlamento europeo 907 $a.b12293441$b02-04-14$c08-10-03 912 $a991002470369707536 945 $aLE002 Busta B 6/20$g1$i2002000768360$lle002$o-$pE0.00$q-$rl$s- $t0$u0$v0$w0$x0$y.i12687601$z08-10-03 996 $aParlamento europeo nel 1970$9163891 997 $aUNISALENTO 998 $ale002$b08-10-03$cm$da $e-$fita$git $h3$i1